Cuentos de mujeres /
Guardado en:
| Autor Principal: | |
|---|---|
| Formato: | Libro |
| Publicado: |
Buenos Aires :
Santillana,
1998
|
| Series: | Clásicos esenciales
|
| Materias: | |
| Etiquetas: |
Agregar Etiqueta
Sin Etiquetas, Sea el primero en etiquetar este registro!
|
| LEADER | 01329nam a22002295a 4500 | ||
|---|---|---|---|
| 001 | CEM.cems011573 | ||
| 005 | 20100915114718.0 | ||
| 008 | 130507s1998##################000#0#####d | ||
| 003 | CEMS | ||
| 020 | |a 9504605559 | ||
| 082 | 0 | 4 | |a A868.4 |
| 100 | 1 | |a Sordi, Fabiana A. | |
| 245 | 1 | 0 | |a Cuentos de mujeres / |c Selección, Estudio y Notas Por Fabiana A. Sordi |
| 260 | |a Buenos Aires : |b Santillana, |c 1998 | ||
| 300 | |a 129 p. | ||
| 490 | 0 | |a Clásicos esenciales | |
| 505 | 0 | |a La casa de azúcar / Silvina Ocampo -- El regalo del caraí / Rosario Beltrán Núñez -- Nina Vallender / Adela Grondona -- Los espejos de la sombra / Estela Canto -- Medias para fiestas / Syria Poletti -- La cama de Jacarandá / Alicia Jurado -- Cine mudo / Beatriz Guido -- Los recién casados / Marta Lynch -- Ritual previsto / María Esther de Miguel -- Osario bajo la luna / Amalia Jamilis -- Verbo matar / Luisa Valenzuela -- La cara del espejo / Estela Dos Santos -- La siesta / Cecilia Absatz -- Linda / Nira Etchenique -- Estudio de cuentos de mujeres -- Sociedad y cultura de la época -- La mujer en la historia argentina -- La mujer en la literatura | |
| 653 | |a Literatura | ||
| 653 | |a Literatura argentina-siglo xx | ||
| 653 | |a Cuentos | ||
| 653 | |a Cuentos argentinos-siglo xx | ||
| 859 | |a CEMS |b BIB. CEMS - 11 de abril |h A868.4 |i So65 |p 22526.04 |t Ej.1 | ||
